zpět

Detail výsledku týmu

Kentaur ST, Brno

Datum a čas kvízu

17 Celkem bodů Celkový počet nahraných bodů na tomto kvízu bez doplňovacích otázek.
5. Pořadí na kvízu Konečné umístění týmu na tomto kvízu.

Zaznamenané odpovědi

# Otázka Odpověď Body Výsledky
1. Pouze jediný československý pr... 1
2. Sobotní protesty proti zvyšová... 0
3. Třicetiletá oscarová zpěvačka... 0
4. Detroitští fanoušci hokeje se... 1
5. Zápas mezi americkým šampionem... 0
6. Čertů se v kultuře, zeměpisnýc... 1
7. Napište název pohádky z roku 2... 1
8. To čert na koze jel, a táta re... 0
9. Jak se jmenuje osada, nacházej... 0
10. Jak se nazývá nejnovější česká... 0